[Event "XV Open"]
[Site "Crema ITA"]
[Date "2013.09.01"]
[Round "5"]
[White "Oteri, Aldo"]
[Black "Volpati, Antonio"]
[WhiteElo "1772"]
[BlackElo "1609"]
[Result "1-0"]
[PlyCount "103"]
[EventDate "2013.08.30"]

1. e4 e6 2. d4 d5 3. Nd2 dxe4 4. Nxe4 Bd7 5. Bd3 Bc6 6. Nf3 Nd7 7. O-O Ngf6 8.
Nxf6+ Nxf6 9. Qe2 Be7 10. Bb5 Qd5 11. Bxc6+ Qxc6 12. Ne5 Qd5 13. Rd1 O-O 14.
Bg5 h6 15. c4 Qd6 16. Bh4 Rad8 17. Rd2 c6 18. Bg3 Qb4 19. a3 Qb6 20. c5 Qb3 21.
Nc4 Rd7 22. Rc1 Nd5 23. Rd3 Qa4 24. Rf3 Nf6 25. Be5 Qa6 26. Rcc3 b5 27. cxb6
axb6 28. Bxf6 Bxf6 29. Rxf6 Rxd4 30. Rff3 Rfd8 31. Rfd3 Qb5 32. Rxd4 Rxd4 33.
g3 Qd5 34. Ne3 Qe4 35. Rc1 c5 36. Qb5 Qf3 37. Qxb6 Rd2 38. Rf1 c4 39. Nxc4 Rd1
40. Ne3 Rd3 41. a4 Qe4 42. a5 Qa4 43. b4 Rb3 44. Nc2 Rb2 45. Qd8+ Kh7 46. Qd3+
Kg8 47. Rc1 Rb3 48. Qd2 Qb5 49. Nd4 Qd5 50. Nxb3 Qxb3 51. Rc8+ Kh7 52. Qc2+ 1-0

[Event "XV Open"]
[Site "Crema ITA"]
[Date "2013.09.01"]
[Round "5"]
[White "Pisani, Valerio"]
[Black "Poletti, Guido"]
[WhiteElo "1706"]
[BlackElo "1311"]
[Result "1-0"]
[PlyCount "53"]
[EventDate "2013.08.30"]

1. e4 Nf6 2. e5 Nd5 3. d4 d6 4. exd6 cxd6 5. h3 g6 6. Nf3 Bg7 7. Bc4 Nb6 8. Bb3
O-O 9. O-O Nc6 10. c3 d5 11. Bf4 Qd7 12. Bc2 Nc4 13. b3 Nd6 14. Re1 Nb5 15. a4
Nc7 16. Nbd2 f6 17. Nf1 Ne6 18. Be3 Ng5 19. Bxg5 fxg5 20. Nxg5 Rf5 21. Bxf5
Qxf5 22. Nf3 e5 23. Ng3 Qf4 24. dxe5 Nxe5 25. Nxe5 Bxe5 26. Qxd5+ Kg7 27. Qxe5+
1-0

[Event "XV Open"]
[Site "Crema ITA"]
[Date "2013.09.01"]
[Round "5"]
[White "Righini, Giovanni"]
[Black "Ranfagni, Stefano"]
[WhiteElo "1868"]
[BlackElo "2038"]
[Result "0-1"]
[PlyCount "74"]
[EventDate "2013.08.30"]

1. e4 e6 2. d4 d5 3. e5 c5 4. Nf3 Nc6 5. Bd3 cxd4 6. O-O Bd7 7. Bf4 Be7 8. Bb5
g5 9. Bg3 h5 10. h3 g4 11. Nxd4 gxh3 12. gxh3 Nxd4 13. Bxd7+ Qxd7 14. Qxd4 Nh6
15. Nd2 Nf5 16. Qd3 O-O-O 17. Nb3 Rhg8 18. Kh2 Qa4 19. Qc3+ Kb8 20. Qa5 Qc6 21.
Rg1 h4 22. Bf4 Qc4 23. Qd2 b6 24. c3 Bc5 25. Bg5 Rdf8 26. Rg4 Qb5 27. Nd4 Bxd4
28. cxd4 Rc8 29. Rgg1 Qa4 30. Be3 Rxg1 31. b3 Rxa1 32. bxa4 Rcc1 33. Kg2 Rg1+
34. Kf3 Rh1 35. Qb4 Rxh3+ 36. Kg4 Nxe3+ 37. Kxh3 Rh1# 0-1

[Event "XV Open"]
[Site "Crema ITA"]
[Date "2013.09.01"]
[Round "5"]
[White "Salvador, Roland"]
[Black "Sanchez, Joseph"]
[WhiteElo "2461"]
[BlackElo "2541"]
[Result "1/2-1/2"]
[PlyCount "39"]
[EventDate "2013.08.30"]

1. Nf3 c5 2. c4 Nc6 3. g3 g6 4. Bg2 Bg7 5. O-O d6 6. Nc3 Nf6 7. d3 O-O 8. e4
Rb8 9. h3 a6 10. Bd2 Bd7 11. b3 Ne8 12. Rc1 Nc7 13. Nd5 Ne8 14. Bc3 e6 15. Bxg7
Kxg7 16. Ne3 f5 17. Nc2 Qf6 18. Qd2 Qb2 19. Ne3 Qxd2 20. Nxd2 1/2-1/2

[Event "XV Open"]
[Site "Crema ITA"]
[Date "2013.09.01"]
[Round "5"]
[White "Silini, Bruno"]
[Black "Raimondi, Celso"]
[WhiteElo "1604"]
[BlackElo "1670"]
[Result "1/2-1/2"]
[PlyCount "46"]
[EventDate "2013.08.30"]

1. g4 d5 2. h3 e5 3. Bg2 e4 4. d3 exd3 5. Qxd3 c6 6. Nf3 h6 7. c4 Nf6 8. O-O
Be7 9. b3 O-O 10. Nc3 dxc4 11. Qxc4 Be6 12. Qf4 Bd6 13. Qd2 Qc7 14. Rd1 Rd8 15.
Kh1 Be7 16. Nd4 Na6 17. Bb2 Qd7 18. Qe3 Nc7 19. Nxe6 Qxe6 20. Qxe6 Nxe6 21. e3
Rxd1+ 22. Rxd1 Rd8 23. Rxd8+ Bxd8 1/2-1/2

[Event "XV Open"]
[Site "Crema ITA"]
[Date "2013.09.01"]
[Round "5"]
[White "Tagliaferri, Valerio"]
[Black "Distratis, Gianluca"]
[WhiteElo "1862"]
[BlackElo "1970"]
[Result "0-1"]
[PlyCount "74"]
[EventDate "2013.08.30"]

1. c4 e5 2. Nc3 d6 3. g3 f5 4. Bg2 Nf6 5. Nf3 Be7 6. d3 O-O 7. O-O c6 8. b4 Kh8
9. Rb1 Qe8 10. a4 Nbd7 11. Ng5 Qh5 12. h3 d5 13. Ne6 Rg8 14. Bf3 Qf7 15. Nc7 d4
16. Na2 Rb8 17. b5 Bd6 18. bxc6 bxc6 19. Rxb8 Nxb8 20. Nb5 cxb5 21. axb5 e4 22.
Bg2 Bc5 23. Qa4 Nbd7 24. Nb4 Ne5 25. Bf4 Qe7 26. Bxe5 Qxe5 27. Nc6 Qc7 28. f4
exf3 29. Rxf3 Re8 30. Rf2 Nh5 31. b6 Bxb6 32. Nxa7 Bd7 33. Nb5 Qxg3 34. Qa6 Qb8
35. Bf3 Nf4 36. Rh2 Nxd3 37. exd3 Qg3+ 0-1

[Event "XV Open"]
[Site "Crema ITA"]
[Date "2013.09.01"]
[Round "5"]
[White "Tahiraj, Almir"]
[Black "Palma, Maria"]
[WhiteElo "1831"]
[BlackElo "1646"]
[Result "1/2-1/2"]
[PlyCount "112"]
[EventDate "2013.08.30"]

1. f4 d5 2. Nf3 Nc6 3. d4 Bg4 4. e3 e6 5. c3 Bxf3 6. Qxf3 Nf6 7. Bd3 Ne7 8. Nd2
Nf5 9. e4 dxe4 10. Nxe4 c6 11. O-O Nd5 12. Re1 Be7 13. Nd2 Nd6 14. Qg4 O-O 15.
Nf3 Bf6 16. Ne5 Ne7 17. Re3 Nef5 18. Rh3 h6 19. Nc4 Nxc4 20. Bxc4 c5 21. dxc5
Rc8 22. Be3 Nxe3 23. Rxe3 Kh7 24. Kf1 Rxc5 25. Bb3 Qd2 26. Re2 Qd6 27. Rd1 Qc7
28. Re3 Rd8 29. Red3 Rxd3 30. Rxd3 Rc6 31. Bc2 g6 32. g3 Rd6 33. Qd1 Be7 34.
Bb3 Rxd3 35. Qxd3 Qd6 36. Qe2 Kg7 37. Ke1 Bf6 38. Qc4 Qc6 39. Qxc6 bxc6 40. Ke2
Bd8 41. Ba4 c5 42. Kf3 Kf6 43. Bb5 e5 44. b4 cxb4 45. fxe5+ Kxe5 46. cxb4 f6
47. Be8 g5 48. a4 Be7 49. b5 f5 50. h3 Bb4 51. Bf7 Bd2 52. Bb3 Bb4 53. Ke3 Be1
54. Kf3 Bb4 55. Bc2 Bd2 56. Ke2 Bb4 1/2-1/2

[Event "XV Open"]
[Site "Crema ITA"]
[Date "2013.09.01"]
[Round "5"]
[White "Takahashi, Saera"]
[Black "Maraschi, Alberto"]
[WhiteElo "1516"]
[BlackElo "1339"]
[Result "0-1"]
[PlyCount "92"]
[EventDate "2013.08.30"]

1. Nf3 c6 2. g3 d5 3. Bg2 Bf5 4. O-O Nf6 5. d3 Nbd7 6. Nbd2 e5 7. Re1 Bd6 8. e4
Bg6 9. c3 O-O 10. h4 Bh5 11. Nf1 Re8 12. N1h2 Ng4 13. Qd2 Nxh2 14. Nxh2 Nf6 15.
Qc2 Bc7 16. Bg5 h6 17. Bxf6 Qxf6 18. exd5 Bb6 19. dxc6 bxc6 20. a4 Bg6 21. Be4
Rf8 22. Kg2 Rad8 23. Rf1 a5 24. Rae1 c5 25. Bxg6 fxg6 26. f3 g5 27. Ng4 Qd6 28.
h5 Bc7 29. Re4 Qxd3 30. Qxd3 Rxd3 31. Rf2 Rf5 32. Ne3 Rf8 33. g4 Rf4 34. Rxe5
Bxe5 35. Nf5 Rxa4 36. Ne7+ Kf7 37. Nc6 Bf4 38. Re2 Rd2 39. Rxd2 Bxd2 40. Ne5+
Ke6 41. Nd3 Kd6 42. Kf1 Bf4 43. Ke2 c4 44. Ne1 Ra2 45. Kd1 Rxb2 46. Nc2 Rb1+
0-1

[Event "XV Open"]
[Site "Crema ITA"]
[Date "2013.09.01"]
[Round "5"]
[White "Tirelli, Mauro"]
[Black "Cecchini, Massimo S."]
[WhiteElo "2038"]
[BlackElo "1777"]
[Result "1-0"]
[PlyCount "51"]
[EventDate "2013.08.30"]

1. d4 d5 2. Nf3 Nf6 3. e3 c6 4. Bd3 Bg4 5. c4 dxc4 6. Bxc4 e6 7. h3 Bh5 8. Nc3
Nbd7 9. O-O Nb6 10. Bd3 c5 11. g4 Bg6 12. e4 cxd4 13. Bg5 Be7 14. Bb5+ Kf8 15.
Nxd4 Bxe4 16. Bxf6 Bxf6 17. Nxe4 Bxd4 18. Qf3 Qe7 19. Rad1 Rd8 20. Rfe1 g6 21.
Qf4 Kg7 22. g5 h5 23. Rxd4 Rxd4 24. Qe5+ Kh7 25. Nf6+ Kg7 26. Nxh5+ 1-0

[Event "XV Open"]
[Site "Crema ITA"]
[Date "2013.09.01"]
[Round "5"]
[White "Ventura, Franco"]
[Black "Guzzetti, Luigi Enrico"]
[WhiteElo "2091"]
[BlackElo "1873"]
[Result "1/2-1/2"]
[PlyCount "142"]
[EventDate "2013.08.30"]

1. e4 c5 2. Nc3 e6 3. f4 d6 4. Nf3 Nf6 5. Bb5+ Bd7 6. Bxd7+ Qxd7 7. O-O Nc6 8.
d3 Be7 9. Kh1 a6 10. e5 dxe5 11. Nxe5 Qc7 12. Qe1 Nd4 13. Qf2 O-O 14. Ne4 Nxe4
15. dxe4 Rad8 16. c3 Nc6 17. Nf3 Rd3 18. Be3 b6 19. Ne1 Rd7 20. Qe2 b5 21. a4
Qa5 22. Nf3 b4 23. Qc4 Qb6 24. cxb4 Nxb4 25. Ne5 Rc7 26. Rad1 Qb7 27. b3 Nc6
28. Nxc6 Rxc6 29. Rb1 Rd8 30. Rbc1 Rb6 31. Bxc5 Bxc5 32. Qxc5 Rxb3 33. Rfd1
Rxd1+ 34. Rxd1 h6 35. Qc2 Rb2 36. Qd3 Rb4 37. a5 Qxe4 38. Qxa6 Qxf4 39. h3 Qe4
40. Qf1 f5 41. Ra1 Rb3 42. Kg1 Qe3+ 43. Kh1 Qe4 44. Kh2 Qe5+ 45. Kg1 Qd4+ 46.
Kh1 Rb7 47. a6 Ra7 48. Qe1 e5 49. Qf1 e4 50. Rd1 Qe5 51. Qc4+ Kh7 52. Rb1 e3
53. Re1 h5 54. Qh4 f4 55. Qd8 Rxa6 56. Qd3+ Rg6 57. Qe2 Kh6 58. Rb1 Qe4 59. Rb5
Rg5 60. Rb6+ g6 61. Qb2 Re5 62. Qe2 Qd5 63. Qa6 Qe4 64. Qe2 Rd5 65. Qb2 Qe5 66.
Qb1 Qf5 67. Qa1 Re5 68. Qa8 Kg5 69. Qd8+ Kh6 70. Qh8+ Kg5 71. Qd8+ Kh6 1/2-1/2

[Event "XV Open"]
[Site "Crema ITA"]
[Date "2013.09.01"]
[Round "6"]
[White "Acunzo, Domenico"]
[Black "Tagliaferri, Valerio"]
[WhiteElo "1723"]
[BlackElo "1862"]
[Result "0-1"]
[PlyCount "86"]
[EventDate "2013.08.30"]

1. e4 c6 2. d4 d5 3. e5 Bf5 4. Bd3 Bg6 5. Nf3 e6 6. O-O Nd7 7. Qe2 Ne7 8. Re1
c5 9. c3 Nf5 10. Nbd2 Qb6 11. Bxf5 Bxf5 12. Nf1 Be7 13. Ng3 Bg6 14. Bg5 Bxg5
15. Nxg5 cxd4 16. cxd4 Qxd4 17. Nf3 Qb6 18. Rac1 O-O 19. Rc3 Nb8 20. Rb3 Qc7
21. Nd4 a6 22. h4 h6 23. f4 Qc5 24. Qe3 Nc6 25. Nge2 Nxd4 26. Nxd4 Qe7 27. g3
Rfc8 28. Rc1 Qd7 29. Rbc3 b5 30. a3 Kf8 31. g4 Be4 32. f5 exf5 33. gxf5 Bxf5
34. Nxf5 Qxf5 35. Qd4 Qe6 36. Rd1 Rxc3 37. bxc3 Rc8 38. Rd3 Rc4 39. Qf2 Qg6+
40. Rg3 Rg4 41. Kg2 Rxg3+ 42. Qxg3 Qxg3+ 43. Kxg3 Ke7 0-1

[Event "XV Open"]
[Site "Crema ITA"]
[Date "2013.09.01"]
[Round "6"]
[White "Agnelli, Francesco"]
[Black "Ventura, Franco"]
[WhiteElo "2035"]
[BlackElo "2091"]
[Result "1/2-1/2"]
[PlyCount "68"]
[EventDate "2013.08.30"]

1. e4 c5 2. Nf3 d6 3. d4 cxd4 4. Nxd4 Nf6 5. Nc3 g6 6. f3 Bg7 7. Be3 Nc6 8. Qd2
Nxd4 9. Bxd4 O-O 10. g4 Be6 11. Nd5 Bxd5 12. exd5 e6 13. dxe6 fxe6 14. O-O-O
Qe7 15. Bc4 d5 16. Bb3 Nd7 17. f4 Bxd4 18. Qxd4 Qf6 19. Rhe1 Qxd4 20. Rxd4 Nc5
21. Re5 Rae8 22. f5 Nxb3+ 23. axb3 exf5 24. Rxe8 Rxe8 25. gxf5 gxf5 26. Rxd5
Rf8 27. Kd2 Kg7 28. Ke3 Re8+ 29. Kf4 Re2 30. c4 Rxh2 31. Kxf5 Rh5+ 32. Ke6 Rh6+
33. Ke5 Rb6 34. Rd3 Kg6 1/2-1/2

[Event "XV Open"]
[Site "Crema ITA"]
[Date "2013.09.01"]
[Round "6"]
[White "Alati, Alberto"]
[Black "Righini, Giovanni"]
[WhiteElo "1764"]
[BlackElo "1868"]
[Result "0-1"]
[PlyCount "94"]
[EventDate "2013.08.30"]

1. c4 b6 2. Nc3 Bb7 3. Nf3 Nf6 4. g3 e6 5. Bg2 d5 6. cxd5 Nxd5 7. Nxd5 Bxd5 8.
O-O Be7 9. d4 Nd7 10. a3 O-O 11. Bf4 c5 12. dxc5 Nxc5 13. Rc1 Rc8 14. b4 Ne4
15. Be5 Bf6 16. Rxc8 Qxc8 17. Bxf6 Nxf6 18. Qc1 Qa6 19. e3 Rc8 20. Qb2 Qc4 21.
Nd4 h6 22. b5 Rc5 23. Rb1 Ne4 24. Bf1 Qc3 25. Qxc3 Rxc3 26. Ra1 g6 27. Ne2 Rc2
28. Rc1 Rxc1 29. Nxc1 Kf8 30. Nd3 Ke7 31. Ne5 Nd2 32. Bd3 Nf3+ 33. Nxf3 Bxf3
34. Kf1 Bd1 35. Ke1 Ba4 36. Kd2 Kd6 37. Kc3 Kc5 38. e4 Bxb5 39. Bxb5 Kxb5 40.
Kd4 f6 41. e5 f5 42. Kc3 Kc5 43. a4 a6 44. f4 b5 45. axb5 axb5 46. h3 h5 47. h4
b4+ 0-1

[Event "XV Open"]
[Site "Crema ITA"]
[Date "2013.09.01"]
[Round "6"]
[White "Aleksic, Nenad"]
[Black "Salvador, Roland"]
[WhiteElo "2357"]
[BlackElo "2461"]
[Result "1/2-1/2"]
[PlyCount "61"]
[EventDate "2013.08.30"]

1. e4 c6 2. d4 d5 3. Nc3 dxe4 4. Nxe4 Nd7 5. Nf3 Ngf6 6. Ng3 e6 7. Bd3 Qc7 8.
O-O b6 9. Qe2 Bb7 10. c4 h6 11. b3 O-O-O 12. Bb2 c5 13. Ne5 Nb8 14. d5 Bd6 15.
dxe6 fxe6 16. Bg6 Rhf8 17. Rad1 Nc6 18. Nxc6 Qxc6 19. f3 Bc7 20. Ne4 Kb8 21.
Nxf6 gxf6 22. Be4 Qe8 23. Rxd8+ Qxd8 24. Rd1 Qe7 25. Bxb7 Kxb7 26. f4 Kb8 27.
g3 Qf7 28. Qe4 Rd8 29. Rxd8+ Bxd8 30. Qd3 Bc7 31. Kg2 1/2-1/2

[Event "XV Open"]
[Site "Crema ITA"]
[Date "2013.09.01"]
[Round "6"]
[White "Biava, Pierluigi"]
[Black "Madaschi, Sergio"]
[WhiteElo "1681"]
[BlackElo "1493"]
[Result "1/2-1/2"]
[PlyCount "144"]
[EventDate "2013.08.30"]

1. c4 c6 2. g3 Nf6 3. Bg2 e6 4. d3 d5 5. Nd2 Nbd7 6. Nh3 Bd6 7. O-O O-O 8. f4
Bc5+ 9. Kh1 Ng4 10. Nb3 Be3 11. Rf3 d4 12. c5 e5 13. Qc2 Bxc1 14. Qxc1 Ne3 15.
Rxe3 dxe3 16. Qxe3 Re8 17. f5 Qe7 18. Nf2 Nf6 19. g4 Nd5 20. Qd2 Qh4 21. Rf1
Nf4 22. Bf3 Nh3 23. Nxh3 Qxh3 24. Rg1 Qh4 25. Rg3 Qe7 26. Rh3 h6 27. Qc3 Qf6
28. Nd2 Qd8 29. Ne4 Qd4 30. Kg2 Qxc3 31. Nxc3 f6 32. Ne4 Re7 33. Kf2 Bd7 34.
Nd6 Rb8 35. Rg3 b6 36. b4 bxc5 37. bxc5 Rb2 38. Rg1 Be8 39. Nxe8 Rxe8 40. Bxc6
Rc8 41. Bd5+ Kh8 42. Rc1 Rb5 43. Ke3 Rbxc5 44. Rxc5 Rxc5 45. Bc4 Ra5 46. Ke4
Ra3 47. Bb3 Ra5 48. e3 Rc5 49. Bc4 a5 50. h3 a4 51. Kf3 a3 52. e4 Kh7 53. Ke3
g6 54. fxg6+ Kxg6 55. h4 h5 56. Kf3 hxg4+ 57. Kxg4 Rc7 58. h5+ Kh6 59. Kf5 Rc6
60. Bf7 Rb6 61. Be6 Kxh5 62. Kxf6 Rd6 63. Kxe5 Rxd3 64. Bd5 Kg5 65. Ke6 Re3 66.
Ke5 Re1 67. Kd4 Kf4 68. Kc3 Re3+ 69. Kb4 Ke5 70. Ka4 Kd4 71. Kb4 Rc3 72. Ka4
Re3 1/2-1/2

[Event "XV Open"]
[Site "Crema ITA"]
[Date "2013.09.01"]
[Round "6"]
[White "Bonade', Massimo"]
[Black "Blengino, Cristiano"]
[WhiteElo "2100"]
[BlackElo "1911"]
[Result "1-0"]
[PlyCount "133"]
[EventDate "2013.08.30"]

1. d4 Nf6 2. c4 g6 3. Nc3 d5 4. Bf4 Bg7 5. e3 c5 6. dxc5 Qa5 7. Rc1 O-O 8. cxd5
Rd8 9. Bc4 Nxd5 10. Bxd5 e6 11. Qd2 Qxc5 12. Nge2 Na6 13. O-O exd5 14. Bg5 f6
15. Bh4 Bf5 16. Nd4 Bd7 17. a3 Qa5 18. h3 Re8 19. b4 Qd8 20. Qa2 Kh8 21. Nxd5
Rc8 22. Rxc8 Bxc8 23. Rc1 b6 24. Nc3 Nc7 25. Rd1 Bb7 26. Ne6 Qc8 27. Nxg7 Kxg7
28. Qd2 Qe6 29. Qd6 Re7 30. Qxe6 Nxe6 31. Rd6 g5 32. Bg3 Kf7 33. Nd5 Bxd5 34.
Rxd5 Rb7 35. Kf1 Ke7 36. Ke2 Nc7 37. Rd3 Ne6 38. Kf3 Ng7 39. Rc3 Kd7 40. Ke4
Nh5 41. Bh2 Ng7 42. Rd3+ Ke7 43. Rc3 Kd7 44. Kd5 Nf5 45. e4 Ne7+ 46. Kd4 Nc6+
47. Ke3 Ne7 48. Bg3 Ng6 49. f3 h6 50. Rd3+ Ke7 51. Kd2 Ne5 52. Bxe5 fxe5 53.
Rd5 Ke6 54. Rd8 Rh7 55. Kd3 Rd7+ 56. Rxd7 Kxd7 57. g3 b5 58. Ke3 Ke6 59. h4 Kf7
60. hxg5 hxg5 61. f4 Kf6 62. Kf3 gxf4 63. gxf4 exf4 64. Kxf4 Ke6 65. e5 Ke7 66.
Ke4 Ke6 67. Kd4 1-0

[Event "XV Open"]
[Site "Crema ITA"]
[Date "2013.09.01"]
[Round "6"]
[White "Bongiorni, Gabriele"]
[Black "Nordio, Giorgio"]
[WhiteElo "1806"]
[BlackElo "1666"]
[Result "1/2-1/2"]
[PlyCount "69"]
[EventDate "2013.08.30"]

1. d4 c6 2. c4 d5 3. Nf3 Nf6 4. e3 Bg4 5. Qb3 Qb6 6. Nbd2 e6 7. Ne5 Nbd7 8.
Nxg4 Nxg4 9. Qc2 Be7 10. Nf3 O-O 11. Bd3 Ngf6 12. Ne5 h6 13. O-O Rac8 14. c5
Qc7 15. f4 a5 16. Rf3 b6 17. cxb6 Qxb6 18. b3 c5 19. Qf2 Qa7 20. Ba3 Rfe8 21.
f5 cxd4 22. Nxd7 dxe3 23. Qe2 Qxd7 24. Bb5 Qa7 25. Bxe8 Bxa3 26. Ba4 Rd8 27.
fxe6 fxe6 28. Bb5 e5 29. Raf1 Qb6 30. Kh1 d4 31. Rxf6 gxf6 32. Qg4+ Kh8 33. Qg6
Bf8 34. Bc4 Bg7 35. Bd3 1/2-1/2

[Event "XV Open"]
[Site "Crema ITA"]
[Date "2013.09.01"]
[Round "6"]
[White "Botta, Massimiliano"]
[Black "Fiammetti, Gianluca"]
[WhiteElo "1632"]
[BlackElo "1467"]
[Result "1-0"]
[PlyCount "93"]
[EventDate "2013.08.30"]

1. e4 d5 2. exd5 Qxd5 3. Nc3 Qa5 4. d4 Nf6 5. Bc4 Bf5 6. Nge2 e6 7. O-O c6 8.
Ng3 Bg4 9. Qd3 Qc7 10. h3 Bh5 11. Nxh5 Nxh5 12. Ne4 Nf6 13. Nxf6+ gxf6 14. Qf3
Nd7 15. Re1 O-O-O 16. c3 Bd6 17. Be3 Kb8 18. a4 Rhg8 19. a5 Rg6 20. Bd3 f5 21.
a6 b6 22. b4 Rdg8 23. Bf1 Nf6 24. Reb1 Ne4 25. c4 Ng5 26. Qh5 Bf8 27. c5 b5 28.
Bxg5 Rxg5 29. Qf3 Bh6 30. Kh1 R5g7 31. Ra5 Qf4 32. Rxb5+ Kc7 33. Rb7+ Kd8 34.
Qxf4 Bxf4 35. Rxa7 Bb8 36. Ra8 Kc7 37. a7 Kb7 38. Rxb8+ Rxb8 39. axb8=Q+ Kxb8
40. b5 cxb5 41. Bxb5 Kc7 42. Ba4 Rg8 43. c6 Rb8 44. Rxb8 Kxb8 45. g3 Kc7 46.
Kg2 h5 47. Kf3 1-0

[Event "XV Open"]
[Site "Crema ITA"]
[Date "2013.09.01"]
[Round "6"]
[White "Carbone, Lorenzo"]
[Black "Gorini, Michele"]
[WhiteElo "1556"]
[BlackElo "1394"]
[Result "0-1"]
[PlyCount "124"]
[EventDate "2013.08.30"]

1. e4 b6 2. d4 Bb7 3. Bd3 Nf6 4. Nc3 e6 5. a3 Be7 6. Nf3 c5 7. O-O cxd4 8. Nxd4
Nc6 9. Nxc6 Bxc6 10. Bf4 O-O 11. Re1 Rc8 12. Re3 Re8 13. Rg3 d5 14. exd5 Bxd5
15. Qe2 Bd6 16. Bxd6 Qxd6 17. Rd1 Qf4 18. Re1 Bc4 19. h3 Bxd3 20. Rxd3 Red8 21.
Red1 Rxd3 22. Qxd3 h6 23. g3 Qg5 24. Kg2 Nd5 25. Nxd5 exd5 26. Qxd5 Qxd5+ 27.
Rxd5 Rxc2 28. Rb5 Kf8 29. Kf3 Ke7 30. Re5+ Kd6 31. Re2 Rc5 32. Rd2+ Ke6 33.
Re2+ Re5 34. Rd2 g5 35. g4 f5 36. Rc2 fxg4+ 37. hxg4 Kd5 38. Rc7 a5 39. Rc2 Re6
40. Rc3 Kd4 41. Rc8 Kd3 42. Rc3+ Kd4 43. Rc2 b5 44. Rc7 b4 45. Ra7 bxa3 46.
bxa3 Re5 47. Rh7 Kc3 48. Rb7 Kc4 49. a4 Rd5 50. Ke4 Rd4+ 51. Kf3 Rd3+ 52. Ke4
Ra3 53. Kf5 Rxa4 54. Kg6 Kc3 55. f3 Rf4 56. Kxh6 Rxf3 57. Kxg5 a4 58. Kg6 a3
59. g5 a2 60. Ra7 Kb2 61. Kg7 Ra3 62. Rb7+ Kc2 0-1

[Event "XV Open"]
[Site "Crema ITA"]
[Date "2013.09.01"]
[Round "6"]
[White "Cecchini, Massimo S."]
[Black "Pisani, Valerio"]
[WhiteElo "1777"]
[BlackElo "1706"]
[Result "0-1"]
[PlyCount "56"]
[EventDate "2013.08.30"]

1. d4 Nf6 2. c4 g6 3. Nc3 Bg7 4. Nf3 O-O 5. e4 d6 6. Be2 Nc6 7. d5 Nb4 8. a3
Na6 9. Qc2 c5 10. O-O Nh5 11. Ne1 Nf6 12. f4 Nc7 13. Be3 Ng4 14. Bxg4 Bxg4 15.
Nd3 Bd7 16. a4 Rc8 17. Qf2 Ne8 18. Kh1 Nf6 19. h3 h5 20. e5 Nh7 21. exd6 exd6
22. Qd2 Bf5 23. Rae1 Qb6 24. Nc1 a6 25. Nd1 Rfe8 26. Rf2 Nf6 27. Rfe2 Ne4 28.
Bf2 Nxd2 0-1

[Event "XV Open"]
[Site "Crema ITA"]
[Date "2013.09.01"]
[Round "6"]
[White "Cordioli, Luca"]
[Black "Corso, Gabriele"]
[WhiteElo "1731"]
[BlackElo "1789"]
[Result "1/2-1/2"]
[PlyCount "42"]
[EventDate "2013.08.30"]

1. e4 e5 2. Nf3 Nf6 3. Nc3 Nc6 4. Bb5 Nd4 5. Ba4 Nxf3+ 6. Qxf3 Bc5 7. d3 h6 8.
Qg3 Kf8 9. O-O d6 10. Be3 Bb6 11. Bxb6 axb6 12. Bb3 Rg8 13. Nd5 Be6 14. Nxf6
Qxf6 15. Bxe6 Qxe6 16. a3 Ke7 17. f4 exf4 18. Qxf4 Rgf8 19. Qd2 Kd7 20. Qc3 f6
21. Rf2 Qe5 1/2-1/2

[Event "XV Open"]
[Site "Crema ITA"]
[Date "2013.09.01"]
[Round "6"]
[White "Corti, Massimo"]
[Black "Gerundino, Nicola"]
[WhiteElo "2008"]
[BlackElo "1965"]
[Result "0-1"]
[PlyCount "30"]
[EventDate "2013.08.30"]

1. Nf3 d5 2. g3 c6 3. Bg2 Bg4 4. Ne5 Bh5 5. d4 Nd7 6. Nd3 e6 7. O-O Ngf6 8. Nd2
Bd6 9. Qe1 O-O 10. e4 dxe4 11. Nxe4 Nxe4 12. Bxe4 Bg6 13. Ne5 Bxe5 14. dxe5
Nxe5 15. Bxg6 Nf3+ 0-1

[Event "XV Open"]
[Site "Crema ITA"]
[Date "2013.09.01"]
[Round "6"]
[White "Distratis, Gianluca"]
[Black "Tirelli, Mauro"]
[WhiteElo "1970"]
[BlackElo "2038"]
[Result "0-1"]
[PlyCount "58"]
[EventDate "2013.08.30"]

1. e4 e6 2. d4 d5 3. Nd2 Nc6 4. Ngf3 Nf6 5. e5 Nd7 6. c3 f6 7. exf6 Qxf6 8. Bd3
Bd6 9. Nf1 e5 10. Bg5 Qf7 11. dxe5 Ndxe5 12. Qe2 O-O 13. Nxe5 Nxe5 14. Bc2 Bg4
15. f3 Bxf3 16. gxf3 Nxf3+ 17. Kd1 Nxg5 18. Nd2 Rae8 19. Qd3 Ne4 20. Nxe4 dxe4
21. Qe2 Qf2 22. Re1 Qxe2+ 23. Kxe2 Bxh2 24. Rad1 Bd6 25. Rd4 e3 26. Rh1 Rf2+
27. Kd1 e2+ 28. Ke1 Rf1+ 29. Rxf1 Bg3+ 0-1

[Event "XV Open"]
[Site "Crema ITA"]
[Date "2013.09.01"]
[Round "6"]
[White "Fantina, Carla"]
[Black "Ferrari, Paolo"]
[WhiteElo "1425"]
[BlackElo "1700"]
[Result "1-0"]
[PlyCount "75"]
[EventDate "2013.08.30"]

1. c4 c5 2. g3 g6 3. Bg2 Bg7 4. Nc3 Nf6 5. e4 Nc6 6. Nge2 d6 7. O-O O-O 8. d3
e5 9. h3 Be6 10. Kh2 Ne8 11. f4 f5 12. Nd5 Nd4 13. Rb1 a5 14. Nxd4 cxd4 15. Qb3
Bxd5 16. exd5 Rb8 17. Bd2 Nc7 18. Bxa5 Qd7 19. Bd2 b5 20. a3 bxc4 21. Qxc4 Rfc8
22. Qc2 Na6 23. Qd1 Nc5 24. Bb4 Rb5 25. Bxc5 dxc5 26. Qa4 Rcb8 27. b4 Qe7 28.
Qa6 R5b6 29. Qc4 cxb4 30. d6+ Qf7 31. Bd5 Qxd5 32. Qxd5+ Kh8 33. axb4 e4 34.
dxe4 fxe4 35. d7 Rd8 36. Rbc1 Rxb4 37. Rc8 Rb2+ 38. Kh1 1-0

[Event "XV Open"]
[Site "Crema ITA"]
[Date "2013.09.01"]
[Round "6"]
[White "Frignani, Alessandro"]
[Black "Giassi, Roberto"]
[WhiteElo "1387"]
[BlackElo "1470"]
[Result "1-0"]
[PlyCount "98"]
[EventDate "2013.08.30"]

1. e4 c5 2. Bc4 Nc6 3. Qf3 Ne5 4. Qb3 Nf6 5. Nf3 Nxc4 6. Qxc4 e6 7. d3 Be7 8.
Bg5 O-O 9. Nc3 b6 10. h3 Bb7 11. O-O-O a6 12. a3 b5 13. Qb3 Qc7 14. e5 Nd5 15.
Bxe7 Nxe7 16. Rhe1 Rac8 17. Ne4 Bd5 18. Qc3 Qb6 19. Nd6 Rc7 20. Qd2 b4 21. a4
c4 22. dxc4 Bxc4 23. Nxc4 Rxc4 24. Qxd7 Nd5 25. a5 Qxa5 26. Kb1 Rd8 27. Qa7 b3
28. cxb3 Rc7 29. Rxd5 exd5 30. Qe3 Re7 31. Nd4 Qc7 32. f4 Rb8 33. Rc1 Qb6 34.
Qd3 Rc7 35. Rc3 Rc4 36. Rxc4 dxc4 37. Qxc4 a5 38. g4 h6 39. h4 Qg6+ 40. Ka2
Qxg4 41. Nc2 Rc8 42. Qe4 Qd1 43. Na3 Rc1 44. Nb1 Rc2 45. Qa8+ Kh7 46. Qe4+ g6
47. f5 Qc1 48. Qd4 Re2 49. f6 Re1 1-0

[Event "XV Open"]
[Site "Crema ITA"]
[Date "2013.09.01"]
[Round "6"]
[White "Frugoni, Giulio"]
[Black "Molinelli, Luigi"]
[WhiteElo "1599"]
[BlackElo "1236"]
[Result "1-0"]
[PlyCount "29"]
[EventDate "2013.08.30"]

1. Nf3 b6 2. d4 Bb7 3. Nc3 e6 4. e4 Bb4 5. Bg5 f6 6. Bd2 Bxc3 7. bxc3 Bxe4 8.
Nh4 Bb7 9. Qh5+ Ke7 10. Ng6+ hxg6 11. Qxh8 Kf7 12. Bd3 d5 13. g4 Nd7 14. Bxg6+
Kf8 15. O-O-O 1-0

[Event "XV Open"]
[Site "Crema ITA"]
[Date "2013.09.01"]
[Round "6"]
[White "Galli, Fabrizio"]
[Black "Folcini, Gaddo"]
[WhiteElo "1455"]
[BlackElo "1558"]
[Result "0-1"]
[PlyCount "60"]
[EventDate "2013.08.30"]

1. d4 e5 2. dxe5 Nc6 3. Nf3 d5 4. exd6 Bxd6 5. Nc3 Bg4 6. e3 Nf6 7. Be2 Qe7 8.
Bd2 O-O-O 9. a4 a6 10. Nh4 h5 11. h3 Bxe2 12. Qxe2 Nb4 13. Qd1 g6 14. Nf3 Ne4
15. O-O Nxd2 16. Nxd2 f5 17. Ne2 g5 18. c3 g4 19. Nf4 Bxf4 20. exf4 Nd3 21. g3
h4 22. hxg4 hxg3 23. fxg3 Qh7 24. Kg2 Qh3+ 25. Kf3 Qxg4+ 26. Kg2 Qh3+ 27. Kf3
Nxf4 28. Kxf4 Qh6+ 29. Kf3 Rd3+ 30. Ke2 Qe3# 0-1

[Event "XV Open"]
[Site "Crema ITA"]
[Date "2013.09.01"]
[Round "6"]
[White "Gonella, Graziano"]
[Black "Tedoldi, Guido"]
[WhiteElo "1183"]
[BlackElo "1597"]
[Result "0-1"]
[PlyCount "78"]
[EventDate "2013.08.30"]

1. e4 c5 2. Nf3 Nc6 3. d4 cxd4 4. Nxd4 e5 5. Nf3 Nf6 6. Nc3 Bb4 7. Bd3 O-O 8.
a3 Ba5 9. b4 Bb6 10. a4 Nxb4 11. Ba3 Nxd3+ 12. cxd3 d6 13. Nd5 Be6 14. Qb3 Ne8
15. Rb1 Rc8 16. O-O h6 17. h4 f5 18. Nd2 Rf7 19. exf5 Rxf5 20. Qa2 Qxh4 21. Ne4
Qd8 22. Rb5 Kh8 23. Qe2 Bxd5 24. Rxd5 Rc6 25. g4 Rf4 26. Bc1 Nc7 27. Rb5 Nxb5
28. axb5 Rxc1 29. Rxc1 Qh4 30. Rc8+ Kh7 31. Rc4 Rxg4+ 32. Qxg4 Qxg4+ 33. Kf1
Qd1+ 34. Kg2 Qxd3 35. Rb4 d5 36. Nd6 Qg6+ 37. Kf1 Qxd6 38. Rb2 Qc5 39. f3 Qc1+
0-1